000 00513nam a2200193Ia 4500
008 220531s9999 xx 000 0 und d
020 _a978-81-89634-85-8
041 _amar
082 _bAAB
100 _aआबा, बीदन
_982411
245 _aमॉंरिशस मधील मराठी कथा
250 _a1ST
260 _aPune
_bSnehawardhan
_c2015
300 _a120
542 _d31-12-2018
650 _aGeneral
_982412
906 _d2018-2019
_f15695
999 _c45450
_d45450